000
00344cam a2200145ua 4500
041
_a
eng
_h
082
_a
822
_b
MOL/MI
100
_a
Moliere, J B P .
245
_a
Miser /
_c
J B P Moliere.
_h
Textual Documents
260
_a
London :
_b
Oxford University Press ,
_c
1962.
300
_a
86 ; .
504
_a
942
_c
BK
999
_c
5156
_d
5156